The Message of Ecclesiastes: (Record no. 3702)

MARC details
000 -LEADER
fixed length control field 00524nam a2200181Ia 4500
003 - CONTROL NUMBER IDENTIFIER
control field GBCCL
005 - DATE AND TIME OF LATEST TRANSACTION
control field 20241126110501.0
008 - FIXED-LENGTH DATA ELEMENTS--GENERAL INFORMATION
fixed length control field 171205b xxu||||| |||| 00| 0 eng d
020 ## - INTERNATIONAL STANDARD BOOK NUMBER
International Standard Book Number 0-85110-728-1
040 ## - CATALOGING SOURCE
Transcribing agency gbc
082 ## - DEWEY DECIMAL CLASSIFICATION NUMBER
Classification number 220.77
Item number BST
100 ## - MAIN ENTRY--PERSONAL NAME
Personal name Kidner, Derek
9 (RLIN) 4631
245 ## - TITLE STATEMENT
Title The Message of Ecclesiastes:
Remainder of title A Time to Mourn, and a Time to Dance /
Statement of responsibility, etc. Derek Kidner
260 ## - PUBLICATION, DISTRIBUTION, ETC.
Date of publication, distribution, etc. 1976
Place of publication, distribution, etc. Leicester:
Name of publisher, distributor, etc. Inter-Varsity Press,
300 ## - PHYSICAL DESCRIPTION
Extent 110p.;
Dimensions 23 cm.
440 ## - SERIES STATEMENT/ADDED ENTRY--TITLE
Title The Bible Speaks Today
9 (RLIN) 2924
942 ## - ADDED ENTRY ELEMENTS (KOHA)
Source of classification or shelving scheme Dewey Decimal Classification
Koha item type Books
Koha issues (borrowed), all copies 4
Holdings
Withdrawn status Lost status Source of classification or shelving scheme Damaged status Not for loan Home library Current Library Shelving location Date acquired Total checkouts Full call number Barcode Date last seen Copy number Price effective from Koha item type Date last checked out
    Dewey Decimal Classification     GRACE BIBLE COLLEGE GRACE BIBLE COLLEGE Commentary 2017-12-05   220.77 BST 004650 2025-05-01 c.1 2017-12-05 Reference Books  
    Dewey Decimal Classification     GRACE BIBLE COLLEGE GRACE BIBLE COLLEGE Biblical Studies 2018-01-25   220.77 BST 004651 2025-05-01 c.2 2018-01-25 Books  
    Dewey Decimal Classification     GRACE BIBLE COLLEGE GRACE BIBLE COLLEGE Biblical Studies 2018-07-09 3 220.77 BST 004659 2025-05-01 c.3 2018-07-09 Books 2024-01-30
    Dewey Decimal Classification     GRACE BIBLE COLLEGE GRACE BIBLE COLLEGE Biblical Studies 2023-12-11 1 220.77 BST 020688 2025-05-01 c.4 2023-12-11 Books 2024-02-03
© Grace Bible College Library 2025